| 000 | 00581nam a2200205Ia 4500 | ||
|---|---|---|---|
| 003 | GCL | ||
| 008 | 140319s9999 xx 000 0 eng d | ||
| 040 |
_aGCL / _cGCL |
||
| 082 | 0 | 4 |
_aCH _b909 _bM U |
| 100 | 1 | _aMILLARD, ANNE | |
| 245 | 1 | 0 |
_aTHE USBORNE BOOK OF WORLD HISTORY: FIRST CIVILIZATION TO THE FALL FOR ROME / _cMILLARD, ANNE |
| 700 | 1 | _aVANGAS, PATRICIA | |
| 260 |
_a[S.N] : _bTRADE MARKS OF USBORNE PUBLISHING LTD ، _c1985 |
||
| 300 | _a195 P | ||
| 650 | 0 | 4 | _aCIVILIZATION |
| 650 | 0 | 4 | _aCHILDREN |
| 650 | 0 | 4 | _aHISTORY |
| 650 | 0 | 4 | _aWORLD HISTORY |
| 942 |
_2ddc _cBK |
||
| 999 |
_c14768 _d14768 |
||